Europe states at 1000 AD - Statistics

General Stats
  • This quiz has been taken 65 times
    62 since last reset
  • The average score is 40 of 66
Answer Stats
Actual state Former state % Correct
France and Belgium Kingdom of France
91%
United Kingdom Kingdom of England
89%
United Kingdom Kingdom of Alba
82%
United Kingdom Kingdom of Galloway
82%
United Kingdom Kingdom of Strathclyde
82%
Italy and Vatican City Papal States
82%
Spain County of Ribagorza
80%
Denmark, Germany and Sweden Kingdom of Denmark
80%
Hungary and Slovakia Kingdom of Hungary
80%
Norway, United Kingdom and Sweden Kingdom of Norway
80%
Sweden Kingdom of Sweden
80%
Iceland Icelandic Commonwealth
78%
Ireland Kingdom of Dublin
78%
Ireland Kingdom of Munster
78%
United Kingdom and Ireland Kingdom of Ulaid
78%
Turkey, Greece, Cyprus and Italy Byzantine Empire
76%
Poland Duchy of Poland
76%
Germany, Italy, Netherlands, Belgium, Austria, etc Holy Roman Empire
76%
Ireland Kingdom of Leinster
76%
United Kingdom Kingdom of Gwynedd
73%
Spain and Portugal Kingdom of León and Galicia
71%
United Kingdom Kingdom of Powys
71%
Italy, Slovenia, Croatia and Bosnia Republic of Venice
71%
San Marino San Marino
71%
Bulgaria, Romania, Serbia, Montenegro, Albania, Macedonia Bulgarian Empire
69%
Czech Republic and Slovakia Duchy of Bohemia
69%
Italy and Malta Emirate of Sicily
69%
United Kingdom Kingdom of Deheubarth
69%
United Kingdom Kingdom of Morgannwg
69%
Russia Volga Bulgaria
69%
Ireland Kingdom of Airgialla
67%
Ireland Kingdom of Breífne
67%
Ireland Kingdom of Connaicht
67%
Ireland Kingdom of Mide
67%
Ireland Kingdom of Osraige
67%
United Kingdom and Ireland Kingdom of Uí Néill
67%
Montenegro Principality of Duklja
67%
Belarus, Russia, Romania, Ukraine, Poland, etc... Kievan Rus'
64%
France, Monaco and Italy Kingdom of Arles
62%
Spain Kingdom of Viguera
60%
Croatia, Bosnia, Serbia, Slovenia Kingdom of Croatia
58%
Spain County of Empúries
53%
Spain and Andorra County of Urgell
53%
France Duchy of Normandy
53%
Spain County of Berga
51%
Spain County of Besalú
51%
Spain and France County of Cerdanya
51%
France County of Roussillon
51%
Italy Giudicato of Cagliari
51%
Spain and Portugal Caliphate of Córdoba
49%
Spain County of Pallars
49%
France Duchy of Brittany
49%
Italy Giudicato of Arborea
49%
Italy Giudicato of Gallura
49%
Italy Giudicato of Logudoro
49%
Spain and France Kingdom of Pamplona
47%
United Kingdom Kingdom of the Isles
38%
Spain County of Barcelona
24%
France Duchy of Aquitaine
24%
Belgium and Netherlands Duchy of Lower Lorraine
22%
France, Belgium, Germany and Luxembourgh Duchy of Upper Lorraine
22%
Italy Principality of Benevento
18%
Italy Principality of Salerno
16%
Italy Principality of Capua
13%
Italy Republic of Amalfi
11%
Romania, Moldova, Ukraine, Russia Khaganate of Khazaria
9%
No matching quizzes found
Score Distribution
Percent of People with Each Score
Percentile by Number Answered
Your Score History
You have not taken this quiz since the last reset